000 00510nam a2200193Ia 4500
005 20250508152856.0
008 008 250505s9999 xx 000 0 eng d
037 _aTextual
040 _aFEDL
_beng
_cFEDL
041 _aeng
_2eng
084 _a328, CHE
_qFEDL
100 _aChester D. N.
245 0 _aQuestions in parliament
260 _aOxford, UK
_bClarendon Press
_c1962
300 _a335p
700 _a Bowring Nona
_9762626
942 _cTEXL
_h328, CHE
999 _c1339335
_d1339335